000 02030cam a22004814i 4500
003 PE-LiUPU
005 20250731173009.0
008 150616s1970 mx r 000 0 spa d
035 _a(Sirsi) a2253
040 _aPE-LiUPU
_bspa
_cPE-LiUPU
_erda
049 _aPRUA
082 0 4 _a270.6
_bB78
_221
100 1 _ade Broucker, José,
_eautor.
245 1 3 _aEl cardenal Suenens y la aceleración de las reformas en la iglesia /
_cJosé de Broucker.
264 1 _aBilbao :
_bEditorial Española Desclée de Brouwer,
_c1970.
300 _a300 páginas ;
_c20 centímetros.
336 _atext
_2rdacontent
337 _aunmediated
_2rdamedia
338 _avolume
_2rdacarrier
490 0 _aNueva Biblioteca de Teología ;
_v5
505 0 _aEl cardenal Suenens -- La entrevista del 15 de mayo -- El impacto en el mundo -- Declaraciones complementarias -- La opinión pública en la iglesia -- En el simposio de Coire -- La "lógica" del Vaticano II -- Colegialidad episcopal y Primado pontificio -- ¿Pueden ser criticadas y reformadas las instituciones eclesiásticas? -- Juridicismo y vida cristiana -- Resonancias ecuménicas -- Una etapa: el segundo símbolo de los obispos.
526 _aSEG42
526 _aSEG41
526 _aSEG40
526 _aSEG39
526 _aP94
526 _aP87
526 _aP86
526 _aP85
526 _aP77
526 _aP76
526 _aP35
600 1 _aSuenens, Leon Joseph,
_d1904-1996.
610 2 _aIglesia Católica
_xGobierno.
610 2 _aIglesia
_xAutoridad.
910 _ajck
_bjvq
_cjck
942 _2ddc
_cBOOK
949 _a270.6 B78
_wDEWEY
_c1
_i09320
_lCCODEBUL1
_mBUL
_p00.00
_r0
_sY
_tBOOK
_u2015-04-23
_xTEOLOGIA
_zUNKNOWN
_0COMPRA
_o.STAFF. Colección General
994 _aC0
_bPEPRU
596 _a1
999 _a270.6 B78
_wDEWEY
_c23111
_i09320
_f2021-11-11
_g5
_lCCODEBUL1
_mBUL
_p15.00
_r0
_sY
_tBOOK
_u2015-4-23
_xTEOLOGIA
_zUNKNOWN
_0COMPRA
_o.STAFF. Colección teología
_d23111
980 _81
_gALBERTO SANCHEZ Responsable de Automatización